Reports and papers presented at the Indo-Pacific Fishery Commission Expert Consultation on Inland Fisheries of the Larger Indo-Pacific Islands : Bangkok, Thailand, 4-9 August 1986 /

Bibliographic Details
Corporate Authors: Indo-Pacific Fishery Commission Expert Consultation on Inland Fisheries of the Larger Indo-Pacific Islands Bangkok, Thailand, Food and Agriculture Organization of the United Nations
Other Authors: Petr, T.
Format: Conference Proceeding Book
Language:English
Published: Rome : Food and Agriculture Organization of the United Nations, 1987.
Series:FAO fisheries report ; no. 371, Suppl.
Subjects:

MARC

Tag First Indicator Second Indicator Subfields
LEADER 00000cam a2200000 a 4500
001 in00000751521
005 20151016163027.0
008 881101s1987 it ab b 10010 eng d
020 |a 9251026394 
035 |a (OCoLC)18695050 
035 |9 ADJ4000AM 
040 |a TXA  |c TXA  |d VPI  |d TXA  |d UtOrBLW 
049 |a TXAM  |c [A12645538] 
050 4 |a SH331  |b .F2 no.371, Suppl. 
111 2 |a Indo-Pacific Fishery Commission Expert Consultation on Inland Fisheries of the Larger Indo-Pacific Islands  |d (1986 :  |c Bangkok, Thailand) 
245 1 0 |a Reports and papers presented at the Indo-Pacific Fishery Commission Expert Consultation on Inland Fisheries of the Larger Indo-Pacific Islands :  |b Bangkok, Thailand, 4-9 August 1986 /  |c edited by T. Petr. 
264 1 |a Rome :  |b Food and Agriculture Organization of the United Nations,  |c 1987. 
300 |a vi, 258 pages :  |b illustrations, maps ;  |c 30 cm. 
336 |a text  |b txt  |2 rdacontent 
337 |a unmediated  |b n  |2 rdamedia 
338 |a volume  |b nc  |2 rdacarrier 
490 1 |a FAO fisheries report ;  |v no. 371, Suppl 
504 |a Includes bibliographies. 
650 0 |a Fisheries  |z Indo-Pacific Region  |x Congresses. 
700 1 |a Petr, T. 
710 2 |a Food and Agriculture Organization of the United Nations. 
830 0 |a FAO fisheries report ;  |v no. 371, Suppl. 
999 |a MARS 
999 f f |s 71ee8a37-4f31-3127-ac19-089724f16fe8  |i ce7e03ea-6f73-3f2d-b2c8-648b368dfdfa  |t 0 
952 f f |p ric  |a Texas A&M University  |b Rellis Campus  |c Joint Library Facility  |d Remote Storage  |t 0  |e SH331 .F2 no.371 Suppl.  |h Library of Congress classification  |i unmediated -- volume  |m A14812645538 
998 f f |a SH331 .F2 no.371 Suppl.  |t 0  |l Remote Storage